[Event "Udine Ruzzier Memorial 3rd"]
[Site "Udine"]
[Date "2007.10.20"]
[Round "4"]
[White "Zarattini, Luciano"]
[Black "Paravan, Luca"]
[Result "1-0"]
[WhiteElo "1458"]
[BlackElo "1440"]
[PlyCount "39"]
[EventDate "2007.09.22"]
[EventType "swiss"]
[EventRounds "4"]
[EventCountry "ITA"]
[SourceTitle "EXT 2010"]
[Source "ChessBase"]
[SourceDate "2010.11.25"]
[SourceVersion "1"]
[SourceVersionDate "2010.11.25"]
[SourceQuality "1"]

1. Nf3 e6 2. g3 d5 3. Bg2 Nc6 4. 0-0 Bd7 5. d3 Qc8 6. e4 d4 7. e5 f6 8. Bf4 fxe5 9. Nxe5 Nxe5 10. Bxe5 Bd6 11. Bxg7 e5 12. Bxh8 Bh3 13. Qh5+ Kd8 14. Bxh3 Qb8 15. Qxh7 Ne7 16. Bf6 c6 17. Qh8+ Kc7 18. Qxb8+ Rxb8 19. Nd2 Rf8 20. Ne4 1-0